000 00796nam a2200253Ia 4500
003 OSt
005 20220918170225.0
006 a|||||r|||| 00| 0
007 ta
008 220917b |||||||| |||| 00| 0 eng d
020 _a978 90 272 1173 6 (hbk)
_c6597.35
024 _a285,214
037 _b7464, 16/03/2015, Efficient Book Distributors
_cTextual
040 _aARTS
_cARTS
_beng
041 _2eng
_aeng
082 _aP111,37, Q0
100 _aLindstromberg Seth
_927786
245 0 _aEnglish preposition explained
260 _aAmsterdam
_bJohn Benjamins The Netherlands
_c2010
300 _axiii,273p.
_ccm.
650 _aLINGUISTICS
942 _hP111,37, Q0
_cTEXL
_2CC
999 _c133180
_d133180